Teória obchodu

Recenzia na knihu K. Viestovej, V. Vávru a Z. Francovej Teória obchodu: vybrané state, ktorú vydalo vydavateľstvo Ekonóm v roku 1999. Publikácia bola schválená ako učebnica. Štruktúra a obsah knihy vychádzajúcej z európskych i domácich prameňov.

Gespeichert in:
Bibliographische Detailangaben
Format: Buchkapitel
Sprache:Slowakisch
Schlagworte:
Tags: Tag hinzufügen
Keine Tags, Fügen Sie das erste Tag hinzu!

MARC

LEADER 00000naa a2200000 4500
001 r037285
005 20231003110956.1
041 0 |a slo 
044 |a SK 
245 1 0 |a Teória obchodu 
520 |a Recenzia na knihu K. Viestovej, V. Vávru a Z. Francovej Teória obchodu: vybrané state, ktorú vydalo vydavateľstvo Ekonóm v roku 1999. Publikácia bola schválená ako učebnica. Štruktúra a obsah knihy vychádzajúcej z európskych i domácich prameňov. 
610 2 0 |a obchod vnútorný 
610 2 0 |a teória obchodu 
610 2 0 |a politika obchodná 
610 2 0 |a politika zahraničnoobchodná 
610 2 0 |a internacionalizácia 
610 2 0 |a kooperácia 
610 2 0 |a recenzie 
610 2 0 |a knihy 
610 2 0 |a učebnice